000 01377cam a2200361 a 4500
999 _c28846
_d28817
001 013428177
003 EG-ScBUE
005 20200927121400.0
006 m||||fq||h 00| 0
008 060316t2006 nyua f |000 0 eng d
020 _a0131937065 (Student bk. : pbk.)
020 _a9780131937062
040 _aUk
_beng
_erda
_cUk
_dEG-ScBUE
082 0 4 _a428.24076
_bBEA
_222
100 1 _aBeaumont, John,
_d1964-
_eauthor.
245 1 0 _aNorth star.
_pBuilding skills for the TOEFL iBT.
_pIntermediate /
_cJohn Beaumont ; series editors, Frances Boyd, Carol Numrich.
264 1 _aNew York, NY :
_bPearson Education, Inc.,
_c[2006]
264 4 _cc2006
300 _a3 volumes :
_billustrations ;
_c26 cm +
_e2 CD
336 _atext
_2rdacontent
_btxt
336 _asounds
_bsnd
_2rdacontent
337 _aunmediated
_2rdamedia
_bn
337 _aaudio
_bs
_2rdamedia
338 _avolume
_2rdacarrier
_bnc
338 _acomputer disc
_bcd
_2rdacarrier
505 0 _aStudent bk. -- Student bk. with 2 audio CDs -- Teacher's manual with ETS scoring guide on audio CD.
650 7 _aTest of English as a Foreign Language
_vStudy guides.
_2BUEsh
650 7 _aEnglish language
_vText-books for foreign speakers.
_2BUEsh
650 7 _aEnglish language
_xExaminations
_vStudy guides.
_2BUEsh
653 _bHHUUEENN
_cSeptember2020
655 _vReading book
_934232
942 _2ddc
_cBB